Integumentary System Quiz - Statistics

General Stats
  • This quiz has been taken 103 times
  • The average score is 11 of 20
Answer Stats
Question Answer % Correct
The skin is a ____ membrane cutaneous
78%
Which of the following does not describe the epidermis? contains blood vessels
75%
The epidermis is made of stratified squamous epithelium
74%
The primary cell of the epidermis is the keratinocyte
71%
Identify the layers of the epidermis in order from deepest to most superficial. Strata basale, spinosum, granulosum, lucidum and corneum
68%
The cell of the epidermis that detects tactile sensations is the merkel cells
67%
Which layer of the epidermis contains constantly dividing cells? stratum basale
61%
Which layer of epidermis is only found in your thick skin? stratum lucidum
58%
Which of the following does not describe the dermis? formed from epithelium
57%
The dermis is composed of dense irregular connective tissue
50%
The cell of the epidermis that are macrophages is the langerhans cell
50%
Which of the following are not associated with a hair follicle? pacinian corpuscle
47%
The sweat glands that open onto the skin surface are called _____ sweat glands. eccrine
46%
Identify the gland that helps lower body temperature eccrine sudoriferous gland
43%
the hypodermic is composed of loose connective tissue and adipose
42%
Which of the following are not found in the skin? transitional epithelium
42%
Identify the gland that begins secreting at puberty and secretes sexual attractants apocrine sudoriferous gland
39%
Folds in this dermal layer create friction ridges and fingerprints papillary
36%
hairs, nails and glands originate from ____ tissue epidermal
33%
In which epidermal layer would you find langerhans cells? stratum spinosum
31%
No matching quizzes found
Score Distribution
Percent of People with Each Score
Percentile by Number Answered
Your Score History
You have not taken this quiz